000 01681cam a2200529 4500
008 090401t1998 xxu||||| |||| 00| 0 eng d
020 _a0419237003
035 _a(Sirsi) u86384
041 _aeng
050 _a347.07
245 _aDispute resolution and conflict management in construction : an international review.
260 _aLondon
_bE & F N Spon
_c1998
300 _axxvii,858p. ; 24cm.
350 _a95
500 _aOne copy donated by Peter Fenn on behalf of the editors.
520 _aExamines the different national systems of twenty countries from Europe and North America to the Middle East and Asia. Provides an analysis of the national system for each country as well as the necessary tools for managing conflict and resolving disputes on construction projects.
650 _aAUSTRALIA
650 _aCANADA
650 _aCHINA
650 _aCONFLICT MANAGEMENT
650 _aCONSTRUCTION DISPUTES
650 _aDISPUTE RESOLUTION
_96236
650 _aENGLAND
650 _aESTONIA
650 _aHONG KONG
650 _aIRAQ
650 _aIRELAND
650 _aITALY
650 _aJAPAN
650 _aMALAYSIA
650 _aNETHERLANDS
650 _aOMAN
650 _aPORTUGAL
650 _aQUEBEC
650 _aROMANIA
650 _aSCOTLAND
650 _aSWEDEN
650 _aSWITZERLAND
650 _aUNITED STATES
650 _aWALES
690 _aMANAGEMENT-DISPUTE AVOIDANCE, MANAGEMENT AND RESOLUTION-DISPUTE MANAGEMENT AND RESOLUTION-ARBITRATION
700 _aFenn, Peter
_xEditor
700 _aO`Shea, Michael
_xEditor
700 _aDavies, Edward
_xEditor
942 _n0
948 _c26/05/1998
999 _c97131
_d97131